<?xml version="1.0" encoding="UTF-8"?>
<collection xmlns="http://www.loc.gov/MARC21/slim">
 <record>
  <leader>01792nam a2200217Ia 4500</leader>
  <controlfield tag="001">TDMU_21984</controlfield>
  <controlfield tag="008">210410s9999    xx            000 0 und d</controlfield>
  <datafield tag="082" ind1=" " ind2=" ">
   <subfield code="a">621.3136</subfield>
  </datafield>
  <datafield tag="090" ind1=" " ind2=" ">
   <subfield code="b">H450</subfield>
  </datafield>
  <datafield tag="100" ind1=" " ind2=" ">
   <subfield code="a">Hồ, Phạm Huy Ánh</subfield>
  </datafield>
  <datafield tag="245" ind1=" " ind2="0">
   <subfield code="a">Điều khiển máy điện ứng dụng tính toán mềm</subfield>
  </datafield>
  <datafield tag="245" ind1=" " ind2="0">
   <subfield code="c">Hồ Phạm Huy Ánh</subfield>
  </datafield>
  <datafield tag="260" ind1=" " ind2=" ">
   <subfield code="a">Tp. Hồ Chí Minh</subfield>
  </datafield>
  <datafield tag="260" ind1=" " ind2=" ">
   <subfield code="b">Đại học Quốc gia Tp. Hồ Chí Minh</subfield>
  </datafield>
  <datafield tag="260" ind1=" " ind2=" ">
   <subfield code="c">2014</subfield>
  </datafield>
  <datafield tag="300" ind1=" " ind2=" ">
   <subfield code="a">388tr.</subfield>
  </datafield>
  <datafield tag="520" ind1=" " ind2=" ">
   <subfield code="a">Giới thiệu tổng quát các phương pháp mô hình hóa và mô phỏng động cơ không đồng bộ (ĐCKĐB). Trình bày cách mô phỏng các ứng dụng tính toán mềm trên Matlab/ Simulink. Ứng dụng mạng nơ-rôn để ước lượng thông số ĐCKĐB. Tìm hiểu về kỹ thuật điều khiển ĐCKĐB phối hợp điều khiển PI và điều khiển mờ (hybrid) fuzzy-PI. Khảo sát cách ước lượng vận tốc rotor ĐCKĐB dùng bộ lọc Kalman mở rộng được tối ưu bằng thuật toán di truyền. Cách thiết kế tối ưu các bộ biến tần PWM dùng truyền động ĐCKĐB bằng các phương pháp tính toán mềm như thuật toán di truyền GA, thuật toán bầy đàn PSO...</subfield>
  </datafield>
  <datafield tag="650" ind1=" " ind2=" ">
   <subfield code="a">Máy điện</subfield>
   <subfield code="x">Điều khiển; Máy điện</subfield>
   <subfield code="x">Động cơ không đồng bộ; Máy điện</subfield>
   <subfield code="x">Tính toán mềm</subfield>
   <subfield code="x">Ứng dụng</subfield>
  </datafield>
  <datafield tag="700" ind1=" " ind2=" ">
   <subfield code="a">Đại học Quốc gia TP Hồ Chí Minh</subfield>
  </datafield>
  <datafield tag="856" ind1=" " ind2=" ">
   <subfield code="u">http://lrc.tdmu.edu.vn/opac/search/detail.asp?aID=2&amp;ID=21984</subfield>
  </datafield>
  <datafield tag="980" ind1=" " ind2=" ">
   <subfield code="a">Trung tâm Học liệu Trường Đại học Thủ Dầu Một</subfield>
  </datafield>
 </record>
</collection>
